000 00838cab a2200253 4500
001 ABS53840
008 090401t1995 xxu||||| |||| 00| 0 eng d
035 _a(Sirsi) u6848
041 _aeng
100 _aPerkins, D.
245 _aMetrication - and the estate agent
260 _c1995
350 _a0
490 _aEstate Agent
_vOctober 1995, 24-25(2)
520 _aConsiders the effects of metrifictaion on estate agents. Suggests good practice for providing measurments under the new requirements and includes a useful linear metric conversion table.
650 _aRICS CODE OF MEASURING PRACTICE
650 _aCONVERSION
650 _aESTATE AGENTS
650 _aMETRICATION
690 _aMAPPING AND MEASUREMENT
690 _aMANAGEMENT-BUSINESS MANAGEMENT-PROFESSIONAL PRACTICE
942 _n0
948 _c04/03/1997
999 _c4072
_d4072